000 00497nam a22001697a 4500
005 20251108172015.0
008 250721s1996 xx 000 0 ara d
082 1 4 _a216.9341/مول
100 1 _aمولوي، فيصل
245 1 0 _aنظام التأمين و موقف الشريعة منه /
264 1 _aبيروت :
_bمؤسسة الريان،
_c1996.
300 _a184ص
650 1 7 _aالتأمين
650 1 7 _aالشريعة الإسلامية
942 _2ddc
_cBK
999 _c68113
_d68113